| 000 | 00378nam a22001451a 4500 | ||
|---|---|---|---|
| 020 | _a9788173736224 | ||
| 082 |
_aR 398 _bNAN/F |
||
| 100 | _aNandini Sahu | ||
| 245 |
_aFolklore and the alternative modernities (vol.2)/ _cby Nandini Sahu |
||
| 260 |
_aNew Delhi: _bAuthors Press, _c2012. |
||
| 300 | _a273-518p. | ||
| 650 | _aFolkore | ||
| 650 | _aSocial Sciences | ||
| 942 | _cREF | ||
| 999 |
_c14843 _d14843 |
||